Dates géographie CAPES - Statistiques

Statistiques générales
  • Ce quiz a été pris 36 fois
  • Le résultat moyen est 20 sur 45
Statistiques - réponses
Hint Réponse % Correct
COP21, adoption de l’Accord de Paris sur le climat (pas plus de +2°C) + de l’Agenda 2030 2015
78%
Adoption de 17 Objectifs de Développement Durable (ODD) par l’ONU 2015
78%
Loi Littoral 1986
70%
Sommet de la Terre (ONU) de Rio de Janeiro + adoption de l’Agenda 21 1992
70%
Création du réseau Natura 2000 par l’UE 1992
70%
Convention de l’ONU à Montego Bay (Jamaïque) sur le droit de la mer 1982
61%
Création de l’ALENA 1994
52%
Création du premier Parc naturel marin dans la mer d’Iroise 2007
52%
Déclaration des Nations Unies sur les droits des peuples autochtones 2007
52%
Transition urbaine à l’échelle mondiale 2007
52%
Création de la DATAR, administration de l’État chargé de l’aménagement du territoire 1963
48%
Mission Racine sur la côte languedocienne 1963
48%
Création du Parc de la Vanoise, premier Parc national français 1963
48%
Sommet de la Terre (ONU) de Stockholm 1972
48%
Political ecology qui étudie l’environnement sous un angle politique 1980
48%
Politique commune de la pêche (PCP) qui réglemente la pêche entre les pays de l’UE 1983
48%
Lois de décentralisation. L’État transfère ses compétences liées à l’aménagement aux collectivités territoriales (régions, départements, communes) 1983
48%
Création des Schémas de Mise en Valeur de la Mer (SMVM) 1983
48%
Création du Groupe Intergouvernemental sur l’Évolution du Climat (GIEC) 1988
48%
Signature du Protocole de Kyoto qui vise à réduire les émissions de GES 1997
48%
Création de l’UNASUR 2008
48%
Création de 10 GPM (grands ports maritimes) qui remplacent les ports autonomes 2008
48%
Fusion des ports Le Havre/Rouen/Paris en un seul GPM (HAROPA) 2021
48%
Loi Climat et Résilience qui instaure l’objectif ZAN (zéro artificialisation nette) et aide 126 communes menacées par le recul du trait de côte 2021
48%
Transition urbaine en Amérique Latine 1964
43%
Plan Neige 1964
43%
Rapport Piquard par la DATAR qui alerte sur les conséquences de l’aménagement du littoral 1973
43%
Création du Conservatoire du littoral et des rivages lacustres impulsée par le Rapport Piquard 1975
43%
Création du MERCOSUR 1991
43%
Loi Barnier et création des Plan de prévention des risques naturels (PPR) 1995
43%
Grenelle de la mer et rédaction du Livre bleu des engagements 2009
43%
Minha Casa Minha Vida au Brésil 2009
43%
Création de la CELAC (Communauté d’États latino-américains et Caraïbes) 2010
43%
Extension du plateau continental de la France (salon la convention de Montego Bay) 2020
43%
Bolsa Familia au Brésil 2003
39%
Création de 6 catégories d’aires marines protégées (AMP) : partie maritime des parcs nationaux ; réserve naturelle ; arrêté de protection de biotope ; Natura 2000 ; domaine public confié au Conservatoire du Littoral ; parcs naturels marins 2006
39%
MIACA sur la côte aquitaine 1967
35%
Nouvelle géographie qui rejette la géographie vidalienne et la notion d’environnement, trop détachée de l’aspect social 1970
35%
Géographie de l’environnement qui renoue géographie physique et sociale 1970
35%
Convention internationale de Ramsar pour la protection des zones humides 1971
30%
Création de 6 Ports maritimes autonomes (ancêtres des GPM) 1965
22%
Mission Interministérielle pour le développement du tourisme en Outre-mer 1965
22%
Renouveau de la géographie française avec Paul Vidal de la Blache. 1900
17%
Géographie vidalienne spécialisée dans la géographique physique 1920
17%
Création de la CEPAL (Commission économique Amérique Latine et Caraïbes) par l’ONU 1948
17%
Aucun quiz correspondant
Distribution des résultats
% des personnes avec chaque résultat
Percentile par nombre de réponses
Votre historique - résultats
Vous n’avez pas pris ce quiz